000 004430000a22001570004500
003 MACL
005 20170723125305.0
008 170723b xxu||||| |||| 00| 0 eng d
040 _cmacl
100 _aभारती ,सायरा
_968367
245 _aयादों के साए
260 _bशीरीन प्रकाशन
_c2008
350 _a150
650 _aकविता
_968368
942 _cHIN
_k891.431/BHA/P
_2ddc
999 _c45150
_d45150